书目信息 |
| 题名: |
十年旅痕
|
|
| 作者: | 孙心圣 著 ;孙里 , 曾哲 主编 | |
| 分册: | ||
| 出版信息: | 长春 长春出版社 1997.5 |
|
| 页数: | 191页 | |
| 开本: | 21cm | |
| 丛书名: | 漂泊者之旅 | |
| 单 册: | ||
| 中图分类: | K930.9 | |
| 科图分类: | ||
| 主题词: | 游记--中国 | |
| 电子资源: | ||
| ISBN: | 7-80604-549-X | |
| 000 | 00706nam2 2200253 45 | |
| 001 | 012003000000 | |
| 005 | 20041207145058.96 | |
| 010 | @a7-80604-549-X@dCNY 9.80 | |
| 100 | @a20030920e19971997em y0chiy0121 ea | |
| 101 | 0 | @achi |
| 102 | @aCN@b220000 | |
| 105 | @af z 000cy | |
| 200 | 1 | @a十年旅痕@Ashi nian lv hen@f孙心圣著 |
| 210 | @a长春@c长春出版社@d1997.5@h1997.7重印 | |
| 215 | @a191页@c照片@d21cm | |
| 225 | 2 | @a漂泊者之旅@f孙里, 曾哲主编 |
| 410 | 0 | @12001 @a漂泊者之旅 |
| 606 | 0 | @a游记@y中国 |
| 690 | @aK930.9@v4 | |
| 701 | 0 | @a孙心圣@Asun xin sheng@4著 |
| 702 | 0 | @a孙里@Asun li@4主编 |
| 702 | 0 | @a曾哲@Azeng zhe@4主编 |
| 801 | 0 | @aCN@bQSSKw@c20041207 |
| 905 | @a10447@dK930.9@eS960 | |
| 十年旅痕/孙心圣著.-长春:长春出版社,1997.5(1997.7重印) |
| 191页:照片;21cm.-(漂泊者之旅/孙里, 曾哲主编) |
| ISBN 7-80604-549-X:CNY 9.80 |
| ● |
| 相关链接 |
|
|
|
正题名:十年旅痕
索取号:K930.9/S960
 
预约/预借
| 序号 | 登录号 | 条形码 | 馆藏地/架位号 | 状态 | 备注 |
| 1 | 430909 | 204309097 | 社科库309/309社科库 25排1列6层/ [索取号:K930.9/S960] | 在馆 | |
| 2 | 430910 | 204309104 | 社科库309/309社科库 25排1列6层/ [索取号:K930.9/S960] | 在馆 | |
| 3 | 430911 | 204309113 | 社科库309/309社科库 25排1列6层/ [索取号:K930.9/S960] | 在馆 |